[Event "78th GEO-ch Women 1st League 2021"]
[Site "Tbilisi"]
[Date "2021.03.26"]
[Round "9.8"]
[White "Dolakidze, Mariam"]
[Black "Tasoshvili, Tamar"]
[Result "1/2-1/2"]
[WhiteElo "1416"]
[BlackElo "1528"]
[Annotator "NA"]
[PlyCount "64"]
[EventDate "2021.03.18"]
[EventType "swiss"]
[EventCountry "GEO"]
[SourceTitle "playchess.com"]
[Source "ChessBase"]
[SourceQuality "1"]
[TimeControl "5400+30"]

1. Nf3 {[%emt 0:03:23]} Nf6 {[%emt 0:00:00]} 2. g3 {[%emt 0:00:07]} e6 {[%emt 0:00:00]} 3. Bg2 {[%emt 0:00:15]} d5 {[%emt 0:00:00]} 4. d4 {[%emt 0:00:07]} Bd6 {[%emt 0:00:04]} 5. c4 {[%emt 0:00:02]} c6 {[%emt 0:00:05]} 6. cxd5 {[%emt 0:00:05]} exd5 {[%emt 0:00:06]} 7. O-O {[%emt 0:00:05]} O-O {[%emt 0:00:05]} 8. Nc3 {[%emt 0:00:09]} Nbd7 {[%emt 0:00:10]} 9. b3 {[%emt 0:00:39]} Re8 {[%emt 0:00:08]} 10. Bb2 {[%emt 0:00:10]} Nf8 {[%emt 0:00:09]} 11. e3 {[%emt 0:00:06]} Ng6 {[%emt 0:00:18]} 12. Qe2 {[%emt 0:00:28]} Bg4 {[%emt 0:00:24]} 13. h3 {[%emt 0:00:11]} Bxf3 {[%emt 0:00:07]} 14. Qxf3 {[%emt 0:00:10]} Qd7 {[%emt 0:00:28]} 15. Rac1 {[%emt 0:00:10]} Ne4 {[%emt 0:00:37]} 16. Nxe4 {[%emt 0:00:08]} Rxe4 {[%emt 0:00:22]} 17. Qe2 {[%emt 0:00:07]} Ree8 {[%emt 0:00:04]} 18. Rfd1 {[%emt 0:00:05]} Rad8 {[%emt 0:00:16]} 19. Qc2 {[%emt 0:00:07]} Re7 {[%emt 0:00:44]} 20. Bc3 {[%emt 0:00:29]} Rde8 {[%emt 0:00:19]} 21. Qd2 {[%emt 0:00:03]} h6 {[%emt 0:00:13]} 22. Bb4 {[%emt 0:00:03]} Bxb4 {[%emt 0:00:07]} 23. Qxb4 {[%emt 0:00:07]} Re6 {[%emt 0:00:09]} 24. Rc2 {[%emt 0:00:09]} Qe7 {[%emt 0:00:05]} 25. Qxe7 {[%emt 0:00:04]} R6xe7 {[%emt 0:00:05]} 26. Bf3 {[%emt 0:00:11]} Nf8 {[%emt 0:00:11]} 27. Bg4 {[%emt 0:00:10]} Ne6 {[%emt 0:00:05]} 28. Bxe6 {[%emt 0:00:06]} Rxe6 {[%emt 0:00:01]} 29. Kg2 {[%emt 0:00:45]} f6 {[%emt 0:00:08]} 30. Rdc1 {[%emt 0:00:03]} Kf7 {[%emt 0:00:04]} 31. a4 {[%emt 0:00:09]} g5 {[%emt 0:00:04]} 32. b4 {[%emt 0:00:09]} Kg6 {[%emt 0:00:15]} 1/2-1/2

[Event "78th GEO-ch Women 1st League 2021"]
[Site "Tbilisi"]
[Date "2021.03.26"]
[Round "9.9"]
[White "Javakhishvili, Mariam"]
[Black "Mgeladze, Kesaria"]
[Result "0-1"]
[WhiteElo "1671"]
[BlackElo "1380"]
[Annotator "NA"]
[PlyCount "52"]
[EventDate "2021.03.18"]
[EventType "swiss"]
[EventCountry "GEO"]
[SourceTitle "playchess.com"]
[Source "ChessBase"]
[SourceQuality "1"]
[TimeControl "5400+30"]

1. d4 {[%emt 0:13:31]} Nf6 {[%emt 0:00:00]} 2. c4 {[%emt 0:00:11]} g6 {[%emt 0:00:00]} 3. Nc3 {[%emt 0:00:06]} Bg7 {[%emt 0:00:00]} 4. e4 {[%emt 0:00:04]} d6 {[%emt 0:00:00]} 5. Nf3 {[%emt 0:00:20]} O-O {[%emt 0:00:05]} 6. Be2 {[%emt 0:00:06]} e5 {[%emt 0:00:05]} 7. O-O {[%emt 0:00:08]} Nc6 {[%emt 0:00:21]} 8. d5 {[%emt 0:00:19]} Ne7 {[%emt 0:00:05]} 9. b4 {[%emt 0:00:05]} Nd7 {[%emt 0:00:31]} 10. Ba3 {[%emt 0:01:21]} f5 {[%emt 0:01:35]} 11. Ng5 {[%emt 0:05:00]} Nf6 {[%emt 0:01:29]} 12. c5 {[%emt 0:00:12]} dxc5 {[%emt 0:03:57]} 13. bxc5 {[%emt 0:00:07]} h6 {[%emt 0:00:04]} 14. Ne6 {[%emt 0:01:11]} Bxe6 {[%emt 0:00:05]} 15. dxe6 {[%emt 0:00:04]} c6 {[%emt 0:02:09]} 16. Qb3 {[%emt 0:01:47]} Qc7 {[%emt 0:01:22]} 17. Rfd1 {[%emt 0:02:09]} Rad8 {[%emt 0:02:18]} 18. Rd6 {[%emt 0:02:30]} Kh8 {[%emt 0:01:25]} 19. Rad1 {[%emt 0:00:29]} fxe4 {[%emt 0:04:28]} 20. Qa4 {[%emt 0:12:37]} Ned5 {[%emt 0:03:48]} 21. Qb3 {[%emt 0:03:06]} Nxc3 {[%emt 0:01:32]} 22. Qxc3 {[%emt 0:00:07]} Nd5 {[%emt 0:00:07]} 23. Qg3 {[%emt 0:02:24]} e3 {[%emt 0:04:44]} 24. fxe3 {[%emt 0:04:27]} Nc3 {[%emt 0:00:20]} 25. Bd3 {[%emt 0:04:02]} e4 {[%emt 0:03:27]} 26. Qxg6 {[%emt 0:01:22]} exd3 {[%emt 0:00:34]} 0-1

[Event "78th GEO-ch Women 1st League 2021"]
[Site "Tbilisi"]
[Date "2021.03.26"]
[Round "9.10"]
[White "Sordia, Marta"]
[Black "Mamardashvili, Ana"]
[Result "1-0"]
[WhiteElo "1226"]
[BlackElo "1416"]
[Annotator "NA"]
[PlyCount "99"]
[EventDate "2021.03.18"]
[EventType "swiss"]
[EventCountry "GEO"]
[SourceTitle "playchess.com"]
[Source "ChessBase"]
[SourceQuality "1"]
[TimeControl "5400+30"]

1. e4 {[%emt 0:00:00]} e5 {[%emt 0:01:42]} 2. Nf3 {[%emt 0:00:00]} Nc6 {[%emt 0:00:03]} 3. Bc4 {[%emt 0:00:00]} Nf6 {[%emt 0:00:18]} 4. d4 {[%emt 0:00:00]} exd4 {[%emt 0:01:46]} 5. O-O {[%emt 0:00:00]} d6 {[%emt 0:01:39]} 6. Nxd4 {[%emt 0:01:05]} Be7 {[%emt 0:02:22]} 7. Nc3 {[%emt 0:01:03]} O-O {[%emt 0:00:28]} 8. Kh1 {[%emt 0:06:32]} Nxe4 {[%emt 0:08:55]} 9. Nxe4 {[%emt 0:03:19]} d5 {[%emt 0:00:10]} 10. Nxc6 {[%emt 0:00:13]} bxc6 {[%emt 0:00:06]} 11. Bd3 {[%emt 0:00:05]} dxe4 {[%emt 0:00:12]} 12. Bxe4 {[%emt 0:00:03]} Ba6 {[%emt 0:04:50]} 13. Re1 {[%emt 0:02:50]} Qe8 {[%emt 0:13:17]} 14. Qf3 {[%emt 0:09:53]} Bb7 {[%emt 0:04:07]} 15. Bxh7+ {[%emt 0:01:19]} Kxh7 {[%emt 0:01:49]} 16. Qe4+ {[%emt 0:00:06]} Kg8 {[%emt 0:02:44]} 17. Qxe7 {[%emt 0:00:27]} Qxe7 {[%emt 0:04:09]} 18. Rxe7 {[%emt 0:00:04]} Rfe8 {[%emt 0:00:35]} 19. Rxe8+ {[%emt 0:00:21]} Rxe8 {[%emt 0:00:04]} 20. Be3 {[%emt 0:00:39]} a5 {[%emt 0:03:27]} 21. Rd1 {[%emt 0:01:25]} f5 {[%emt 0:01:15]} 22. g3 {[%emt 0:04:53]} c5+ {[%emt 0:03:21]} 23. Kg1 {[%emt 0:00:05]} Bf3 {[%emt 0:01:09]} 24. Rd7 {[%emt 0:04:08]} c4 {[%emt 0:02:01]} 25. Kf1 {[%emt 0:03:19]} Rb8 {[%emt 0:03:26]} 26. Bd4 {[%emt 0:01:55]} c5 {[%emt 0:08:05]} 27. Bxg7 {[%emt 0:04:18]} a4 {[%emt 0:00:45]} 28. Be5 {[%emt 0:03:02]} a3 {[%emt 0:06:58]} 29. Rg7+ {[%emt 0:53:26]} Kf8 {[%emt 0:00:26]} 30. Bd6+ {[%emt 0:00:00]} Kxg7 {[%emt 0:01:58]} 31. Bxb8 {[%emt 0:00:00]} axb2 {[%emt 0:01:14]} 32. Be5+ {[%emt 0:00:00]} Kg6 {[%emt 0:02:52]} 33. Bxb2 {[%emt 0:00:00]} c3 {[%emt 0:01:18]} 34. Bxc3 {[%emt 0:00:00]} Bd1 {[%emt 0:00:55]} 35. a4 {[%emt 0:00:00]} Bxc2 {[%emt 0:00:05]} 36. a5 {[%emt 0:00:00]} Bd3+ {[%emt 0:00:26]} 37. Ke1 {[%emt 0:00:00]} Kg5 {[%emt 0:01:30]} 38. Kd2 {[%emt 0:00:00]} Ba6 {[%emt 0:02:49]} 39. Ke3 {[%emt 0:00:00]} Kg4 {[%emt 0:00:15]} 40. h4 {[%emt 0:00:00]} f4+ {[%emt 0:03:44]} 41. gxf4 {[%emt 0:00:00]} Kxh4 {[%emt 0:00:05]} 42. Ke4 {[%emt 0:00:00]} Bb7+ {[%emt 0:01:01]} 43. Ke5 {[%emt 0:00:00]} Kg4 {[%emt 0:02:16]} 44. f5 {[%emt 0:00:00]} Kg5 {[%emt 0:00:03]} 45. f6 {[%emt 0:00:00]} Kg6 {[%emt 0:00:03]} 46. Ke6 {[%emt 0:00:00]} Ba6 {[%emt 0:00:07]} 47. Ke7 {[%emt 0:00:00]} Bc4 {[%emt 0:00:12]} 48. a6 {[%emt 0:00:00]} Bd5 {[%emt 0:00:34]} 49. a7 {[%emt 0:00:00]} c4 {[%emt 0:00:45]} 50. f7 {[%emt 0:00:00]} 1-0

[Event "78th GEO-ch Women 1st League 2021"]
[Site "Tbilisi"]
[Date "2021.03.26"]
[Round "9.11"]
[White "Bedoshvili, Dea"]
[Black "Mkrtchyan, Aida"]
[Result "1-0"]
[WhiteElo "1667"]
[BlackElo "1156"]
[Annotator "NA"]
[PlyCount "55"]
[EventDate "2021.03.18"]
[EventType "swiss"]
[EventCountry "GEO"]
[SourceTitle "playchess.com"]
[Source "ChessBase"]
[SourceQuality "1"]
[TimeControl "5400+30"]

1. d4 {[%emt 0:03:22]} e6 {[%emt 0:00:00]} 2. Nf3 {[%emt 0:00:15]} d5 {[%emt 0:00:30]} 3. g3 {[%emt 0:00:27]} c5 {[%emt 0:00:29]} 4. Bg2 {[%emt 0:00:07]} Nc6 {[%emt 0:00:39]} 5. O-O {[%emt 0:00:16]} Qb6 {[%emt 0:02:29]} 6. c3 {[%emt 0:00:52]} Nge7 {[%emt 0:01:06]} 7. dxc5 {[%emt 0:05:28]} Qxc5 {[%emt 0:00:22]} 8. b3 {[%emt 0:00:22]} b5 {[%emt 0:04:21]} 9. Ba3 {[%emt 0:00:18]} b4 {[%emt 0:00:47]} 10. cxb4 {[%emt 0:00:41]} Nxb4 {[%emt 0:00:22]} 11. Qd2 {[%emt 0:00:29]} a5 {[%emt 0:03:00]} 12. Rc1 {[%emt 0:00:36]} Qb6 {[%emt 0:01:18]} 13. Nc3 {[%emt 0:00:16]} Nf5 {[%emt 0:03:47]} 14. Na4 {[%emt 0:04:05]} Qb5 {[%emt 0:06:39]} 15. g4 {[%emt 0:31:40]} Nd6 {[%emt 0:05:18]} 16. Nd4 {[%emt 0:03:28]} Qb8 {[%emt 0:02:50]} 17. Qe3 {[%emt 0:07:31]} Be7 {[%emt 0:16:23]} 18. Bxb4 {[%emt 0:00:06]} axb4 {[%emt 0:03:42]} 19. Bxd5 {[%emt 0:08:08]} exd5 {[%emt 0:03:00]} 20. Nc6 {[%emt 0:00:04]} Qb7 {[%emt 0:18:52]} 21. Nb6 {[%emt 0:00:05]} Be6 {[%emt 0:05:44]} 22. Nxa8 {[%emt 0:00:38]} Qxa8 {[%emt 0:00:19]} 23. Qe5 {[%emt 0:01:42]} Ne4 {[%emt 0:01:47]} 24. Nxe7 {[%emt 0:02:39]} Kxe7 {[%emt 0:00:37]} 25. Rc7+ {[%emt 0:00:07]} Kf8 {[%emt 0:00:40]} 26. f3 {[%emt 0:01:40]} Nc3 {[%emt 0:01:53]} 27. Qd6+ {[%emt 0:00:48]} Kg8 {[%emt 0:00:16]} 28. Rb7 {[%emt 0:00:17]} 1-0